[Event "Kezmarok op"]
[Site "Kezmarok"]
[Date "2022.09.29"]
[Round "7"]
[White "Rakovsky, Jakub"]
[Black "Vestur, Rastislav"]
[Result "1-0"]
[WhiteElo "2012"]
[BlackElo "1789"]
[PlyCount "63"]
[EventDate "2022.09.24"]
[EventType "swiss"]
[EventRounds "9"]
[EventCountry "SVK"]
[SourceTitle "CBM 210 Extra"]
[Source "ChessBase"]
[SourceDate "2022.11.30"]
[SourceVersion "1"]
[SourceVersionDate "2022.11.30"]
[SourceQuality "1"]

1. e4 c5 2. Nf3 e6 3. d4 cxd4 4. Nxd4 a6 5. c4 Qc7 6. Nc3 Nc6 7. a3 Nf6 8. Be3 Ne5 9. Be2 Be7 10. Rc1 0-0 11. 0-0 b6 12. f4 Ng6 13. e5 Ne8 14. Nf5 Bc5 15. b4 Bxe3+ 16. Nxe3 d6 17. exd6 Nxd6 18. f5 Nxf5 19. Nxf5 exf5 20. Nd5 Qd6 21. Bf3 Rb8 22. Re1 Ne5 23. c5 Nxf3+ 24. Qxf3 bxc5 25. bxc5 Qh6 26. c6 Kh8 27. c7 Rb2 28. Ne7 Qb6+ 29. Qe3 Qxe3+ 30. Rxe3 g6 31. Nxc8 Rxc8 32. Rd3 1-0

[Event "SVK-chT2D 2122"]
[Site "Slovakia"]
[Date "2021.10.16"]
[Round "1.8"]
[White "Vestur, Rastislav"]
[Black "Duboczi, Jozef"]
[Result "1-0"]
[WhiteElo "1816"]
[BlackElo "1295"]
[PlyCount "45"]
[EventDate "2021.10.16"]
[EventType "team-tourn"]
[EventRounds "11"]
[EventCountry "SVK"]
[SourceTitle "EXT 2023"]
[Source "ChessBase"]
[SourceDate "2022.10.05"]
[SourceVersion "1"]
[SourceVersionDate "2022.10.05"]
[SourceQuality "1"]
[WhiteTeam "Kezmarok"]
[BlackTeam "Moldava nad Bodvou"]
[WhiteTeamCountry "SVK"]
[BlackTeamCountry "SVK"]

1. Nf3 Nc6 2. d4 e6 3. c4 d6 4. e4 Nf6 5. Nc3 Be7 6. Bd3 b6 7. 0-0 0-0 8. a3 Bb7 9. b4 a6 10. Qc2 g6 11. Bb2 Nd7 12. d5 exd5 13. Nxd5 Nce5 14. Nxe5 Nxe5 15. Nxe7+ Qxe7 16. Be2 f6 17. f4 Nd7 18. Bd3 c5 19. Rae1 Rae8 20. Re3 Qg7 21. Rg3 h6 22. e5 g5 23. exf6 1-0

[Event "SVK-chT2D 1920"]
[Site "Slovakia"]
[Date "2019.12.14"]
[Round "5.7"]
[White "Vestur, Rastislav"]
[Black "Kopnicky, Frantisek"]
[Result "1/2-1/2"]
[WhiteElo "1806"]
[BlackElo "1841"]
[PlyCount "185"]
[EventDate "2019.10.26"]
[EventType "team-tourn"]
[EventRounds "11"]
[EventCountry "SVK"]
[SourceTitle "CBM 194 Extra"]
[Source "ChessBase"]
[SourceDate "2020.03.31"]
[SourceVersion "1"]
[SourceVersionDate "2020.03.31"]
[SourceQuality "1"]
[WhiteTeam "Kezmarok"]
[BlackTeam "Poprad LS VD"]
[WhiteTeamCountry "SVK"]
[BlackTeamCountry "SVK"]

1. Nf3 e6 2. e3 d5 3. c4 Nf6 4. Nc3 Be7 5. Be2 0-0 6. d4 b6 7. cxd5 Nxd5 8. Nxd5 Qxd5 9. 0-0 Ba6 10. Re1 Bxe2 11. Rxe2 Nd7 12. e4 Qb7 13. Be3 Rad8 14. Qc2 c5 15. Rd1 cxd4 16. Bxd4 Rc8 17. Qd2 Nc5 18. Qf4 f6 19. Bxc5 Rxc5 20. Red2 e5 21. Qg4 Qc8 22. Rd7 Rc1 23. Qe6+ Rf7 24. Qd5 Rxd1+ 25. Qxd1 Bf8 26. Rd8 Qc6 27. Rd5 g6 28. g3 Kg7 29. h4 Qe6 30. Kg2 Rc7 31. a3 Bc5 32. b4 Be7 33. Qd3 Qc8 34. Qd2 Rc2 35. Qd1 h5 36. Rd7 Rc7 37. Rd3 Qb7 38. Nd2 Rd7 39. Qe2 Qa6 40. Re3 Qxe2 41. Rxe2 Rd3 42. Nb1 Rb3 43. Re1 Kf7 44. Kf1 Ke6 45. Ke2 b5 46. Kd2 Rb2+ 47. Ke3 Bd8 48. Nd2 Bb6+ 49. Ke2 Ra2 50. Rc1 Rxa3 51. Rc2 Kd6 52. Rc8 Ke7 53. Rc2 Kd7 54. Rb2 Bd4 55. Rb3 Ra2 56. Ke1 Bxf2+ 57. Kxf2 Rxd2+ 58. Ke3 Ra2 59. Rd3+ Ke7 60. Rc3 a6 61. Rc6 Ra3+ 62. Kf2 a5 63. bxa5 Rxa5 64. Rb6 Ra2+ 65. Kf3 Rb2 66. Rb7+ Ke6 67. Rb6+ Ke7 68. Rb7+ Kd6 69. Rb6+ Kc5 70. Rxf6 Rb3+ 71. Kf2 Kd4 72. Rxg6 Kxe4 73. g4 Rf3+ 74. Ke2 hxg4 75. Rxg4+ Rf4 76. Rg3 Kd5 77. Rh3 Rf6 78. h5 Rh6 79. Kd3 e4+ 80. Kc3 b4+ 81. Kxb4 Kd4 82. Kb3 e3 83. Kc2 Rc6+ 84. Kd1 Kd3 85. h6 Ra6 86. Kc1 Ra1+ 87. Kb2 Ra8 88. h7 Rh8 89. Kc1 Ke2 90. Rh2+ Ke1 91. Kc2 Kf1 92. Kd3 e2 93. Rxe2 1/2-1/2

[Event "SVK-chT2D 1314"]
[Site "Slovakia"]
[Date "2014.01.11"]
[Round "5.7"]
[White "Vestur, Rastislav"]
[Black "Recky, Norbert"]
[Result "0-1"]
[WhiteElo "1722"]
[BlackElo "1830"]
[PlyCount "47"]
[EventDate "2013.10.19"]
[EventType "team-tourn"]
[EventRounds "11"]
[EventCountry "SVK"]
[SourceTitle "EXT 2015"]
[Source "ChessBase"]
[SourceDate "2014.11.20"]
[SourceVersion "1"]
[SourceVersionDate "2014.11.20"]
[SourceQuality "1"]
[WhiteTeam "Kezmarok II"]
[BlackTeam "Spisska Nova Ves"]
[WhiteTeamCountry "SVK"]
[BlackTeamCountry "SVK"]

1. d4 Nf6 2. c4 g6 3. Nc3 d5 4. cxd5 Nxd5 5. e4 Nxc3 6. bxc3 Bg7 7. Rb1 0-0 8. Bc4 c5 9. Ne2 Nc6 10. e5 cxd4 11. cxd4 Qc7 12. f4 Nxe5 13. dxe5 Qxc4 14. Rb3 Bg4 15. Qd3 Rac8 16. Qxc4 Rxc4 17. Nc3 f6 18. 0-0 fxe5 19. Nd5 exf4 20. Nxe7+ Kh8 21. Rxb7 Bd4+ 22. Kh1 Be2 23. Re1 f3 24. Bb2 0-1